[Event "M2"]
[Site "http://www.queenalice.com/game.php?id=1337617"]
[Date "2015.1.28"]
[Round "-"]
[White "AshrafFarah"]
[Black "MisterSelby"]
[Result "1-0"]
[WhiteElo "1207"]
[BlackElo "1794"]

1. e4 e5 2. h3 Qf6 3. d3 Nc6 4. c3 Bc5 5. Nf3 Nge7 6. a4 h6 7. a5 Ng6 8. g3 b6
9. b4 Bd6 10. a6 Be7 11. b5 Na5 12. h4 Bd6 13. h5 Ne7 14. Bb2 c6 15. d4 cxb5 16.
Bxb5 Nb3 17. dxe5 Bxe5 18. Qxb3 Qxf3 19. Rh4 O-O 20. Nd2 Qg2 21. Bf1 Qxf1+ 22.
Kxf1 d6 23. f4 Bf6 24. Rh2 Be6 25. c4 Bxb2 26. Qxb2 Bd7 27. Rc1 Rab8 28. f5 f6
29. Qb4 Nc8 30. c5 dxc5 31. Rxc5 b5 32. Rc7 Nb6 33. Rxa7 Bc6 34. Qe7 Nd7 35.
Qe6+ Rf7 36. Qxc6 Ne5 37. Qc5 Nd7 38. Qd5 Ne5 39. Rxf7 Nxf7 40. a7 1-0

[Event "M3"]
[Site "http://www.queenalice.com/game.php?id=1337618"]
[Date "2015.1.28"]
[Round "-"]
[White "MisterSelby"]
[Black "AshrafFarah"]
[Result "0-1"]
[WhiteElo "1794"]
[BlackElo "1369"]

1. e4 e5 2. Bc4 c6 3. Qf3 Qf6 4. Qg3 Bc5 5. Nf3 d6 6. d3 h6 7. h4 a5 8. a4 Be6
9. Bxe6 Qxe6 10. Qxg7 Qf6 11. Qg4 Na6 12. Bd2 b6 13. Nc3 Nb4 14. Rc1 Bd4 15.
Nxd4 exd4 16. Ne2 d5 17. exd5 Nxd5 18. Nxd4 Nge7 19. O-O Kf8 20. Rfe1 Ra7 21.
Bc3 Rg8 22. Qh3 Nf4 23. Qf3 Rxg2+ 24. Kf1 Qxh4 25. Qxg2 Nxg2 26. Kxg2 Rd7 27.
Rh1 Qg4+ 28. Kf1 c5 29. Ne2 Rd6 30. Ng3 Nf5 31. Nh5 Rg6 32. Nf6 Qg2+ 33. Ke2
Nd4+ 0-1

[Event "M5"]
[Site "http://www.queenalice.com/game.php?id=1337622"]
[Date "2015.1.28"]
[Round "-"]
[White "Ruusgugg"]
[Black "MisterSelby"]
[Result "0-1"]
[WhiteElo "1440"]
[BlackElo "1100"]

1. Nf3 Nc6 2. c4 e5 3. e4 Bc5 4. Bd3 Qf6 5. O-O d6 6. h4 Qg6 7. Ng5 h6 8. h5
Qxg5 9. Bc2 Bh3 10. Qf3 Bg4 11. Qg3 Nd4 12. Bd1 Nf6 13. Ba4+ c6 14. Qh2 Nxe4 15.
d3 Nf6 16. Bxg5 hxg5 17. f3 Nxf3+ 18. Kh1 Nxh2 19. Kxh2 Nxh5 20. g3 Nf4# 0-1

[Event "M6"]
[Site "http://www.queenalice.com/game.php?id=1337623"]
[Date "2015.1.28"]
[Round "-"]
[White "MisterSelby"]
[Black "Ruusgugg"]
[Result "1-0"]
[WhiteElo "1723"]
[BlackElo "1442"]

1. e4 e6 2. e5 d5 3. d4 Bb4+ 4. Bd2 Be7 5. Nf3 f5 6. exf6 Bxf6 7. Bb5+ c6 8. Bd3
Qd6 9. O-O c5 10. dxc5 Qxc5 11. c3 e5 12. b4 Qd6 13. Ng5 e4 14. Bb5+ Nd7 15. Re1
a6 16. Be2 a5 17. b5 h6 18. Bh5+ Kd8 19. Nf7+ Ke7 20. Nxd6 Ne5 21. Nf5+ Ke6 22.
Nd4+ Kd6 23. Bf4 Kc7 24. Qb3 Ne7 25. b6+ Kb8 26. Qb5 Ra6 27. Qc5 Ka8 28. Ne6
Bxe6 29. Be2 Nd7 30. Qc7 Rc8 31. Qd6 Rc6 32. Qa3 g5 33. Bxa6 Rxb6 34. Be2 d4 35.
Qxa5+ Ra6 36. Qd8+ Nb8 37. Qxb8# 1-0

[Event "Let's Play Chess!"]
[Site "http://www.queenalice.com/game.php?id=1337748"]
[Date "2015.1.28"]
[Round "-"]
[White "masam2014"]
[Black "MisterSelby"]
[Result "0-1"]
[WhiteElo "1599"]
[BlackElo "1753"]

1. d4 d5 2. c4 Nf6 3. Nc3 Nc6 4. e3 e6 5. a3 Be7 6. Nf3 Ne4 7. Bd2 Nxd2 8. Qxd2
O-O 9. cxd5 exd5 10. Bd3 Bg4 11. Be2 Qd7 12. O-O a6 13. Na2 Bf6 14. Nb4 b5 15.
Rac1 Na5 16. Nxd5 Nb3 17. Rxc7 Qxd5 18. Qd1 Be6 19. Rc3 Na5 20. Rc5 Qa2 21. Qc2
Be7 22. Re5 Rac8 23. Qb1 Qb3 24. Rc1 b4 25. Rxa5 Rxc1+ 26. Qxc1 Bc8 27. Bxa6 Bd8
28. Nd2 Qa2 29. Ra4 Bd7 30. Rxb4 Qe6 31. g3 Qh3 32. Ne4 Bg4 33. Bf1 Qh6 34. Bg2
f5 35. Nd6 Qxd6 0-1

[Event "M7"]
[Site "http://www.queenalice.com/game.php?id=1337760"]
[Date "2015.1.29"]
[Round "-"]
[White "MisterSelby"]
[Black "luisdelape"]
[Result "0-1"]
[WhiteElo "1730"]
[BlackElo "1751"]

1. e4 e5 2. Bc4 Nf6 3. Nc3 a6 4. Qf3 Nc6 5. Nge2 Bc5 6. Nd5 d6 7. h3 Nb4 8. Bb3
Be6 9. Nec3 h6 10. g4 c6 11. Ne3 Bxb3 12. Nf5 Nxc2+ 13. Kd1 Nd4+ 14. axb3 Nxf3
15. Nxg7+ Kf8 16. Nf5 Bb4 17. d3 Qa5 18. Rxa5 Bxa5 19. Nxd6 b5 20. Be3 Bb4 21.
Nf5 h5 22. Bh6+ Ke8 23. Bg5 Nxg5 24. Ng7+ Kf8 25. Nf5 hxg4 26. h4 Nh3 27. Ke1
Rd8 28. Ne3 Rxd3 29. Nd1 Nxe4 30. Ke2 Nc5 31. Ne4 Nf4+ 32. Kf1 Rxd1# 0-1

[Event "FERNANDO"]
[Site "http://www.queenalice.com/game.php?id=1337859"]
[Date "2015.1.29"]
[Round "-"]
[White "rogeriooliveira"]
[Black "MisterSelby"]
[Result "0-1"]
[WhiteElo "1324"]
[BlackElo "1665"]

1. e4 e5 2. Nf3 Nc6 3. Nc3 Bc5 4. d3 h6 5. Be2 Nd4 6. Nxd4 Bxd4 7. Be3 Bxc3+ 8.
bxc3 d6 9. O-O Qf6 10. Qd2 Qg6 11. g3 Bh3 12. Rfd1 Nf6 13. Bf3 Ng4 14. Bxg4 Qxg4
15. Re1 Qf3 16. Qe2 Qg2# 0-1

[Event "FERNANDO XXXIX"]
[Site "http://www.queenalice.com/game.php?id=1337901"]
[Date "2015.1.29"]
[Round "-"]
[White "rogeriooliveira"]
[Black "MisterSelby"]
[Result "1-0"]
[WhiteElo "1385"]
[BlackElo "1655"]

1. e4 e5 2. Nf3 Nc6 3. Bb5 Qf6 4. Bxc6 Qxc6 5. Nc3 d6 6. O-O Nf6 7. d3 h6 8. Re1
Bd7 9. Be3 Ng4 10. Re2 Be7 11. Qe1 h5 12. Rd1 h4 13. h3 Nxe3 14. fxe3 d5 15.
exd5 Qb6 16. b3 Qg6 17. Rf2 Bxh3 18. Qf1 Bg4 19. Rdd2 h3 20. g3 Qh5 21. Rh2 1-0

[Event "Challenge"]
[Site "http://www.queenalice.com/game.php?id=1338260"]
[Date "2015.1.30"]
[Round "-"]
[White "dnptrs"]
[Black "MisterSelby"]
[Result "1-0"]
[WhiteElo "2174"]
[BlackElo "1753"]

1. d4 d5 2. Nf3 Nc6 3. e3 Qd6 4. c4 dxc4 5. Nc3 a6 6. Bxc4 e5 7. Ng5 Be6 8. d5
Qe7 9. Nxe6 fxe6 10. dxc6 bxc6 11. Qb3 Rd8 12. O-O Rd6 13. e4 Nf6 14. f4 exf4
15. e5 Ng4 16. exd6 cxd6 17. Qb8+ Qd8 18. Qxd8+ Kxd8 19. Bxe6 Nf6 20. Bxf4 c5
21. Rad1 Ng4 22. Bxg4 c4 23. Bg3 Be7 24. Bxd6 Bxd6 25. Rxd6+ Ke7 26. Rd7+ Ke8
27. Ne4 h5 28. Nd6# 1-0

[Event "Challenge"]
[Site "http://www.queenalice.com/game.php?id=1338493"]
[Date "2015.1.31"]
[Round "-"]
[White "MisterSelby"]
[Black "Vladimir"]
[Result "1-0"]
[WhiteElo "1470"]
[BlackElo "1828"]

1. e4 e5 2. Bc4 Nf6 3. Nc3 Bb4 4. Qf3 Bxc3 5. Qxc3 Nc6 6. d3 a6 7. a4 d6 8. Nf3
h6 9. O-O Bg4 10. d4 Bxf3 11. Qxf3 Nxd4 12. Qd3 O-O 13. Be3 c5 14. c3 Nc6 15.
Ra3 Qa5 16. Bd2 Qb6 17. Rb3 Qa5 18. Rxb7 Rfd8 19. Bxf7+ Kh8 20. Qg3 g5 21. Bxg5
Nxe4 22. Qh3 Nxg5 23. Qxh6+ Nh7 24. Bg6 1-0

[Event "RAFAEL LXV"]
[Site "http://www.queenalice.com/game.php?id=1340909"]
[Date "2015.2.11"]
[Round "-"]
[White "perucona"]
[Black "MisterSelby"]
[Result "1-0"]
[WhiteElo "1248"]
[BlackElo "1627"]

1. e4 e5 2. Nf3 Nc6 3. Nc3 Bc5 4. d3 h6 5. Be3 Nd4 6. Bxd4 Qe7 7. Bxc5 Qxc5 8.
Qd2 Qb6 9. b3 d6 10. O-O-O Qb4 11. Be2 Qa3+ 12. Kb1 a5 13. Ka1 Bd7 14. Nb1 Qc5
15. c3 a4 16. b4 Qc6 17. Na3 Nf6 18. d4 Qxe4 19. Bd3 Qg4 20. Rhg1 1-0

[Event "AUTO-INT-2956"]
[Site "http://www.queenalice.com/game.php?id=1341073"]
[Date "2015.2.12"]
[Round "1"]
[White "jesus_vieira"]
[Black "MisterSelby"]
[Result "1-0"]
[WhiteElo "1542"]
[BlackElo "1734"]

1. d4 d5 2. Bf4 Bf5 3. Nf3 Nc6 4. a3 Nf6 5. h3 e6 6. Nc3 Bd6 7. Bxd6 Qxd6 8. e3
O-O 9. Bd3 Ne4 10. Nb5 Qd7 11. O-O a6 12. Bxe4 Bxe4 13. Nc3 Bg6 14. Nh4 Ne7 15.
Nxg6 Nxg6 16. Ne2 Qb5 17. b3 b6 18. a4 Qd7 19. Qd3 Qc6 20. c4 dxc4 21. Qxc4 Qe4
22. Qxc7 e5 23. Qxb6 Nh4 24. f3 Qxe3+ 25. Rf2 Rab8 26. Qxa6 Rxb3 27. dxe5 Qxe5
28. Qc4 Rfb8 29. Raf1 R3b4 30. Qc3 Qa5 31. Ra1 f5 32. g3 Ng6 33. Kg2 Ne7 34. Nd4
Nd5 35. Nc6 Nxc3 36. Nxa5 Re8 37. Nc6 Rc4 38. Na5 Rcc8 39. Rc2 g5 40. Ra3 Re3
41. Nb7 Re2+ 42. Rxe2 Nxe2 43. Ra2 Nc3 44. Rc2 h5 45. Nd6 Rc5 46. Nb7 Rc7 47. a5
Rxb7 48. Rxc3 Ra7 49. Rc5 Rf7 50. a6 h4 51. g4 fxg4 52. Rxg5+ Kh7 53. Rxg4 Kh6
54. Rxh4+ Kg5 55. Ra4 Ra7 56. Kg3 Kf5 57. h4 Kg6 58. Kg4 Kh6 59. f4 Kg7 60. Kg5
Kf7 61. h5 Kg7 62. h6+ Kh7 63. f5 Kh8 64. Kg6 Rh7 65. a7 Kg8 66. a8=Q# 1-0

[Event "AUTO-INT-2956"]
[Site "http://www.queenalice.com/game.php?id=1341074"]
[Date "2015.2.12"]
[Round "1"]
[White "MisterSelby"]
[Black "jesus_vieira"]
[Result "0-1"]
[WhiteElo "1794"]
[BlackElo "1200"]

1. e4 d5 2. e5 Bf5 3. d4 a6 4. Nf3 h6 5. Bf4 e6 6. Nc3 Bb4 7. Qd2 Nc6 8. Bd3 Bg4
9. Be2 Nge7 10. O-O Ng6 11. Qd3 Nxf4 12. Qe3 Nxe2+ 13. Qxe2 Bxf3 14. Qxf3 Nxd4
15. Qd3 Nc6 16. Na4 Nxe5 17. Qb3 Nc6 18. Qg3 Bd6 19. Qxg7 Ke7 20. Qc3 Kd7 21.
Qf3 f5 22. Rfe1 Qg5 23. Qh3 Rag8 24. g3 h5 25. Qg2 h4 26. Re3 hxg3 27. h3 gxf2+
28. Kh1 Qxg2# 0-1

[Event "AUTO-INT-2956"]
[Site "http://www.queenalice.com/game.php?id=1341087"]
[Date "2015.2.12"]
[Round "1"]
[White "Thanasis"]
[Black "MisterSelby"]
[Result "1-0"]
[WhiteElo "1786"]
[BlackElo "1726"]

1. d4 d5 2. c4 dxc4 3. e4 e5 4. Nf3 Bg4 5. d5 c6 6. Bxc4 Nf6 7. Bg5 Nbd7 8. Nbd2
Nc5 9. Qc2 Be7 10. Nxe5 Bh5 11. O-O O-O 12. dxc6 Nfxe4 13. Bxe7 Qxe7 14. cxb7
Qxb7 15. Rfe1 Ng5 16. f3 Nce6 17. h4 Nd4 18. Qc3 Rad8 19. hxg5 Nf5 20. g4 Bxg4
21. Nxg4 Qc7 22. Ne5 Nd6 23. Bb3 Qb6+ 24. Kg2 Nf5 25. Ndc4 Nh4+ 26. Kf1 Nf5 27.
Nxb6 axb6 28. f4 Nd6 29. Qf3 Nf5 30. Rad1 Nd4 31. Rxd4 Rxd4 32. Bxf7+ Kh8 33. g6
h6 34. Ng4 h5 35. Ne5 b5 36. Qxh5# 1-0

[Event "AUTO-INT-2956"]
[Site "http://www.queenalice.com/game.php?id=1341088"]
[Date "2015.2.12"]
[Round "1"]
[White "MisterSelby"]
[Black "Thanasis"]
[Result "0-1"]
[WhiteElo "1705"]
[BlackElo "1778"]

1. e4 c5 2. Bc4 e6 3. e5 d6 4. Nf3 d5 5. Bb5+ Bd7 6. Na3 c4 7. d4 Bxa3 8. Bxd7+
Nxd7 9. bxa3 Ne7 10. Bg5 O-O 11. O-O Nb6 12. c3 Qd7 13. Bh4 Na4 14. Qc2 b5 15.
Ng5 g6 16. Qd2 Nf5 17. Qf4 Nxc3 18. Rfe1 Nxh4 19. Qxh4 f6 20. exf6 Ne4 21. Nxh7
Qxh7 22. f7+ Rxf7 23. Qg4 Re8 24. Rab1 a6 25. f3 Nd2 26. Rbd1 c3 27. Rc1 Rc7 28.
Rxe6 Rxe6 29. Qxe6+ Qf7 30. Qe3 Qe7 31. Rxc3 Qxe3+ 32. Rxe3 Rc1+ 33. Kf2 Nf1 34.
Re8+ Kf7 35. Ra8 Nxh2 36. Ra7+ Kf6 37. Rxa6+ Kg5 38. Kg3 Nf1+ 39. Kf2 Nd2 40.
Ke2 Nc4 41. g4 Rc2+ 42. Kd3 Rxa2 43. Ra7 Rxa3+ 44. Rxa3 Nxa3 45. Kc3 Kf4 46. Kb4
Nc2+ 47. Kb3 Nxd4+ 0-1

[Event "AUTO-INT-2956"]
[Site "http://www.queenalice.com/game.php?id=1341097"]
[Date "2015.2.12"]
[Round "1"]
[White "MisterSelby"]
[Black "francksc"]
[Result "0-1"]
[WhiteElo "1698"]
[BlackElo "1671"]

1. e4 d5 2. e5 e6 3. d4 b6 4. Nf3 f6 5. Bf4 g5 6. Be3 Nc6 7. Bb5 Bd7 8. Nc3 Bb4
9. Qd2 g4 10. Nh4 fxe5 11. g3 Nxd4 12. Bxd4 exd4 13. Bxd7+ Qxd7 14. Qxd4 Bxc3+
15. Qxc3 d4 16. Qd3 O-O-O 17. Qa6+ Kb8 18. O-O-O e5 19. c3 Nf6 20. Rhe1 Rhe8 21.
c4 d3 22. c5 d2+ 23. Kb1 Qc6 24. Re2 Ne4 25. Re3 Nxc5 26. Qc4 e4 27. Kc2 b5 28.
Qb4 Nd3+ 29. Qc3 Nb4+ 30. Kb1 Qxc3 31. Rxc3 c6 32. Nf5 Kb7 33. Ng7 Re7 34. Nf5
Rf7 35. Ne3 Rxf2 36. Nxg4 Rf5 37. Ne3 Rf3 38. a3 Na6 39. Ng4 Rxc3 40. bxc3 c5
41. Nf2 e3 42. Kc2 e2 0-1

[Event "AUTO-INT-2956"]
[Site "http://www.queenalice.com/game.php?id=1341098"]
[Date "2015.2.12"]
[Round "1"]
[White "francksc"]
[Black "MisterSelby"]
[Result "0-1"]
[WhiteElo "1661"]
[BlackElo "1705"]

1. e4 e5 2. d4 exd4 3. Qxd4 Nc6 4. Qe3 Qf6 5. c3 b6 6. b4 Bd6 7. b5 Ne5 8. Bd3
Ng4 9. Qe2 N8h6 10. h3 Ne5 11. Bxh6 Qxh6 12. Nd2 Qg6 13. g3 O-O 14. Ngf3 Bb7 15.
O-O Nxd3 16. Qxd3 Rfe8 17. Rfe1 Bxg3 18. fxg3 Qxg3+ 19. Kh1 Qxh3+ 20. Kg1 Rad8
21. c4 Re6 22. e5 Rg6+ 23. Kf2 Rg2+ 24. Ke3 Qh6+ 25. Kd4 c5+ 26. Kc3 a5 27. a4
Bxf3 28. Nxf3 Rg3 29. Re3 Re8 30. Rae1 g5 31. Qxd7 Rf8 32. Rd1 g4 33. Rdd3 Rh3
34. Qxg4+ Kh8 35. Ng5 Rh5 36. Nf3 Rg8 37. Qd7 Qg7 38. Qd6 Rh6 39. Qc7 Rg6 40.
Nh4 Rg4 41. Rg3 Rxg3 42. Nf5 Rxd3+ 43. Kxd3 Qg6 44. Qd7 Rf8 45. Ke4 Qg4+ 46. Kd5
Qd1+ 47. Kc6 Qxa4 48. e6 Qxc4 49. e7 Qe4+ 50. Kxb6 Rb8+ 51. Kxc5 Qc2+ 52. Kd6
Qd2+ 53. Kc7 Rb7+ 54. Kd8 Qxd7# 0-1

[Event "Challenge"]
[Site "http://www.queenalice.com/game.php?id=1342100"]
[Date "2015.2.17"]
[Round "-"]
[White "Vladimir"]
[Black "MisterSelby"]
[Result "0-1"]
[WhiteElo "1836"]
[BlackElo "1670"]

1. d4 d5 2. c4 dxc4 3. e4 e6 4. Bxc4 Bd7 5. Nc3 Bb4 6. Nf3 h6 7. O-O c5 8. d5 e5
9. Nxe5 b5 10. Nxb5 Nf6 11. d6 Be6 12. Nc7+ Kf8 13. Bxe6 fxe6 14. Nxa8 Nxe4 15.
Ng6+ Kg8 16. Nxh8 Kxh8 17. Nc7 Qd7 18. Bf4 Nc6 19. Qg4 Nd4 20. Be5 Ng5 21. f4
Ne4 22. Nxe6 Nxe6 23. f5 N6g5 24. h4 Nf6 25. Bxf6 gxf6 26. hxg5 Qg7 27. g6 c4
28. Rae1 Bxd6 29. Re8+ Bf8 30. Qxc4 h5 31. Qf7 Qxf7 32. Rfe1 Qg8 33. R1e6 Qg7
34. Re4 Qh6 35. Rh4 Kg7 36. g4 Qc1+ 37. Kf2 Bc5+ 38. Kf3 Qf1+ 39. Kg3 Qf2+ 40.
Kh3 Qf3+ 41. Kh2 Qf4+ 42. Kh3 Qf3+ 43. Kh2 Bd6+ 0-1

[Event "Challenge"]
[Site "http://www.queenalice.com/game.php?id=1343407"]
[Date "2015.2.22"]
[Round "-"]
[White "masam2014"]
[Black "MisterSelby"]
[Result "1-0"]
[WhiteElo "1577"]
[BlackElo "1689"]

1. d4 d5 2. c4 Nf6 3. e3 Nc6 4. cxd5 Nxd5 5. Bb5 Bd7 6. Bxc6 Bxc6 7. Nf3 e6 8.
a3 Bd6 9. O-O Qf6 10. b4 O-O 11. Bb2 e5 12. dxe5 Qe6 13. exd6 Qxd6 14. Be5 Qd7
15. Nd4 Ne7 16. Nc3 Rfe8 17. Nxc6 Qxc6 18. Rc1 Rad8 19. Qg4 Ng6 20. Bg3 Qf6 21.
Bxc7 Rc8 22. Nb5 Qa6 23. Qc4 Ne5 24. Qd5 Nc6 25. Nd6 Re5 26. Qxf7+ Kh8 27. Nxc8
h5 28. Bxe5 Nxe5 29. Qxh5+ Kg8 30. Qxe5 Qg6 31. Ne7+ 1-0

[Event "Challenge"]
[Site "http://www.queenalice.com/game.php?id=1348254"]
[Date "2015.3.18"]
[Round "-"]
[White "ledeon"]
[Black "MisterSelby"]
[Result "1-0"]
[WhiteElo "1813"]
[BlackElo "1666"]

1. d4 d5 2. Nf3 Nc6 3. c4 dxc4 4. d5 Nb4 5. Qa4+ Bd7 6. Qxb4 e6 7. Qxc4 b5 8.
Qc2 c5 9. Nc3 b4 10. dxe6 Bxe6 11. Ne4 Bf5 12. Bg5 f6 13. Rd1 Qc7 14. Bh4 c4 15.
e3 Nh6 16. Bxc4 Be6 17. Bb5+ Qd7 18. Bxd7+ Bxd7 19. Qd2 Rd8 20. Nd6+ Bxd6 21.
Qxd6 Nf7 22. Qxb4 1-0

[Event "Challenge"]
[Site "http://www.queenalice.com/game.php?id=1356670"]
[Date "2015.4.30"]
[Round "-"]
[White "AshrafFarah"]
[Black "MisterSelby"]
[Result "1-0"]
[WhiteElo "1207"]
[BlackElo "1670"]

1. e4 e5 2. c3 Nc6 3. b4 a6 4. a4 Nf6 5. Bd3 Bd6 6. Qf3 b6 7. Nh3 Bb7 8. Be2 O-O
9. d3 Qe7 10. Qg3 h6 11. Bxh6 Nh5 12. Bxh5 1-0

[Event "Challenge"]
[Site "http://www.queenalice.com/game.php?id=1361525"]
[Date "2015.5.25"]
[Round "-"]
[White "MisterSelby"]
[Black "Vladimir"]
[Result "1-0"]
[WhiteElo "1707"]
[BlackElo "1821"]

1. e4 e5 2. Bc4 Nf6 3. Nc3 Bb4 4. Qf3 O-O 5. Nge2 c6 6. d3 d5 7. exd5 cxd5 8. a3
Bxc3+ 9. Nxc3 d4 10. Nd5 Be6 11. Qg3 Nc6 12. Bg5 h6 13. Bxf6 1-0